[Event "TUR-ch (Women)"]
[Site "Ankara"]
[Date "2020.03.07"]
[Round "8"]
[White "Solak, Serra"]
[Black "Kaval, Zeynep Ruya"]
[Result "1/2-1/2"]
[WhiteElo "1081"]
[BlackElo "1269"]
[PlyCount "33"]
[EventDate "2020.03.02"]
[EventType "swiss"]
[EventRounds "9"]
[EventCountry "TUR"]
[SourceTitle "CBM 195 Extra"]
[Source "ChessBase"]
[SourceDate "2020.05.31"]
[SourceVersion "1"]
[SourceVersionDate "2020.05.31"]
[SourceQuality "1"]

1. e4 d6 2. d4 Nf6 3. Nc3 g6 4. f3 Bg7 5. Be3 Nbd7 6. Qd2 c6 7. g4 b5 8. h4 h5 9. g5 Ng8 10. f4 Nb6 11. Nf3 a6 12. Be2 d5 13. e5 Bf5 14. Bd3 Qc8 15. a3 Bxd3 16. Qxd3 Qg4 17. Kf2 1/2-1/2